[Event "IX Festival A"]
[Site "Campobasso ITA"]
[Date "2002.07.14"]
[Round "5"]
[White "Santurbano, Maria Vincenza"]
[Black "Failli, Riccardo"]
[Result "0-1"]
[WhiteElo "1743"]
[BlackElo "1780"]
[PlyCount "90"]
[EventDate "2002.07.12"]

1. e4 e5 2. Nf3 Nc6 3. Bc4 Nf6 4. Ng5 d5 5. exd5 Na5 6. Bb5+ c6 7. dxc6 bxc6 8.
Be2 h6 9. Nf3 e4 10. Ng1 Bd6 11. d3 exd3 12. Qxd3 O-O 13. Nf3 Qc7 14. Be3 Bg4
15. h3 Bh5 16. Nc3 Bg6 17. Qd2 Bb4 18. Bf4 Qe7 19. a3 Ne4 20. Qe3 Bc5 21. Qc1
Bxf2+ 22. Kf1 Bb6 23. Nxe4 Bxe4 24. b4 Nb7 25. c4 c5 26. Qc3 Rad8 27. Re1 Rfe8
28. Qe5 Qd7 29. Qh5 Bg6 30. Qg4 Bf5 31. Qg3 Rxe2 32. Rxe2 Bd3 33. Ne5 Bxe2+ 34.
Kxe2 Qd4 35. Qe3 Qb2+ 36. Kf3 cxb4 37. Qe4 Qf2+ 38. Kg4 Nd6 39. Qd5 Qe2+ 40.
Qf3 f5+ 41. Kg3 Ne4+ 42. Kh2 Qxf3 43. gxf3 g5 44. fxe4 gxf4 45. exf5 Rd2# 0-1

[Event "IX Festival A"]
[Site "Campobasso ITA"]
[Date "2002.07.14"]
[Round "5"]
[White "Shytaj, Carlo"]
[Black "Genocchio, Daniele"]
[Result "1-0"]
[WhiteElo "2112"]
[BlackElo "2372"]
[PlyCount "141"]
[EventDate "2002.07.12"]

1. e4 c5 2. c3 b6 3. d4 Bb7 4. Bd3 e6 5. Nf3 Nf6 6. Qe2 Be7 7. O-O Nc6 8. a3 d6
9. Bf4 O-O 10. Nbd2 cxd4 11. cxd4 e5 12. dxe5 Nh5 13. Be3 dxe5 14. Rfd1 Qc7 15.
Rac1 Rad8 16. Nb3 Qb8 17. Bb5 Rxd1+ 18. Qxd1 Rc8 19. Qe2 Nf6 20. Nfd2 h6 21. f3
Nd7 22. Nf1 Nf8 23. Ng3 Ne6 24. Nf5 Bf8 25. Qf2 Kh7 26. Qh4 Ncd4 27. Nfxd4
Rxc1+ 28. Bxc1 Nxd4 29. Nxd4 Qd6 30. Qf2 exd4 31. Bd3 Qe6 32. b4 Qb3 33. Qc2
Qc3 34. Kf2 a5 35. Qxc3 dxc3 36. b5 Bc5+ 37. Ke2 Bc8 38. Bc4 f5 39. Kd3 fxe4+
40. fxe4 Kg6 41. Kxc3 a4 42. Kd3 Bd7 43. Be3 Bxa3 44. Bxb6 Bd6 45. Ba7 Bxh2 46.
b6 Bg1 47. Kc3 Bc5 48. Bd5 Bb5 49. Bc4 Bc6 50. Bd5 Bxd5 51. exd5 a3 52. Kb3 Kf6
53. Bb8 Bxb6 54. Kxa3 Ke7 55. Kb3 Bc5 56. Kc4 Bd6 57. Bxd6+ Kxd6 58. Kd4 h5 59.
Ke4 g6 60. Kd4 g5 61. Ke4 h4 62. Kf5 Kxd5 63. Kxg5 Ke5 64. Kxh4 Kf6 65. g4 Kg7
66. Kg5 Kh7 67. Kf6 Kg8 68. Kg6 Kh8 69. Kh6 Kg8 70. g5 Kh8 71. g6 1-0

[Event "IX Festival A"]
[Site "Campobasso ITA"]
[Date "2002.07.14"]
[Round "5"]
[White "Stromboli, Carlo"]
[Black "Bove, Raffaele"]
[Result "1-0"]
[WhiteElo "1846"]
[BlackElo "1720"]
[PlyCount "73"]
[EventDate "2002.07.12"]

1. e4 c5 2. Nf3 d6 3. d4 cxd4 4. Nxd4 Nf6 5. Nc3 a6 6. a4 e5 7. Nb3 Be6 8. Be2
Be7 9. Be3 Nbd7 10. O-O O-O 11. a5 Qc7 12. f3 Rac8 13. Kh1 Rfd8 14. g4 Nc5 15.
Nxc5 dxc5 16. Qe1 Qc6 17. Qg3 Qc7 18. h4 Rd7 19. Kg2 c4 20. Na4 Rd4 21. Bxd4
exd4 22. Qxc7 Rxc7 23. Rfd1 Nd7 24. Rxd4 Bxh4 25. f4 Bf6 26. e5 Bxe5 27. fxe5
g6 28. Nb6 Nxe5 29. Kg3 c3 30. b3 Rc5 31. Bc4 Bxc4 32. Nxc4 Nc6 33. Rd3 Rg5 34.
Re1 h5 35. Re4 hxg4 36. Rxg4 Re5 37. Rxc3 1-0

[Event "IX Festival A"]
[Site "Campobasso ITA"]
[Date "2002.07.14"]
[Round "5"]
[White "Stromboli, Ettore"]
[Black "Lettieri, Giuseppe"]
[Result "1/2-1/2"]
[WhiteElo "1771"]
[BlackElo "1711"]
[PlyCount "68"]
[EventDate "2002.07.12"]

1. e4 c5 2. Nf3 d6 3. d4 cxd4 4. Nxd4 Nf6 5. Nc3 Nc6 6. f3 a6 7. a4 e6 8. a5 d5
9. Nxc6 bxc6 10. exd5 cxd5 11. Be3 Bb4 12. Bb6 Qd6 13. Be2 Nd7 14. Bf2 Qc7 15.
Qd4 Bxc3+ 16. Qxc3 Qxc3+ 17. bxc3 O-O 18. O-O Bb7 19. c4 Rfc8 20. cxd5 Bxd5 21.
Rfc1 Bc4 22. Bxc4 Rxc4 23. Rab1 Rac8 24. Rd1 Nc5 25. Rb6 h6 26. Rd2 Ra4 27.
Bxc5 Rxc5 28. Rxa6 Raxa5 29. Rxa5 Rxa5 30. Kf2 Kf8 31. Ke3 Ke7 32. c3 Rh5 33.
g3 Rc5 34. Rd3 e5 1/2-1/2

[Event "IX Festival A"]
[Site "Campobasso ITA"]
[Date "2002.07.14"]
[Round "5"]
[White "Voiska, Margarita"]
[Black "Cacco, Christian"]
[Result "0-1"]
[WhiteElo "2356"]
[BlackElo "2248"]
[PlyCount "74"]
[EventDate "2002.07.12"]

1. c4 g6 2. Nc3 Bg7 3. g3 d6 4. Bg2 c6 5. d3 Na6 6. Nf3 Nf6 7. O-O Qa5 8. h3
Qh5 9. Ng5 h6 10. Bf3 hxg5 11. Bxh5 Rxh5 12. g4 Rxh3 13. f3 Bxg4 14. fxg4 Nxg4
15. Rf3 Rh5 16. Ne4 O-O-O 17. Ng3 Rh7 18. Rxf7 Bd4+ 19. e3 Nxe3 20. Bxe3 Bxe3+
21. Kg2 Rxf7 22. Qg4+ Kc7 23. Rf1 Bf4 24. Ne2 e5 25. Nxf4 gxf4 26. Qxg6 Rdd7
27. Kf3 Rg7 28. Qh6 Rg3+ 29. Ke2 Re3+ 30. Kd2 Nb4 31. a3 Nxd3 32. b4 Nb2 33.
Qe6 Re4 34. Rg1 Nxc4+ 35. Kd3 Re3+ 36. Kc2 Nxa3+ 37. Kb2 Rh7 0-1

[Event "IX Festival A"]
[Site "Campobasso ITA"]
[Date "2002.07.14"]
[Round "6"]
[White "Cacco, Christian"]
[Black "Zaja, Ivan"]
[Result "1/2-1/2"]
[WhiteElo "2248"]
[BlackElo "2459"]
[PlyCount "127"]
[EventDate "2002.07.12"]

1. d4 d5 2. Nf3 c6 3. Bf4 Nf6 4. Nbd2 g6 5. e3 Bg7 6. Bd3 Qb6 7. Rb1 c5 8. c3
Nc6 9. a3 Nh5 10. Bg3 Bg4 11. b4 c4 12. Be2 Nxg3 13. hxg3 Bf5 14. Rc1 a5 15.
Nh4 Bd7 16. Qc2 axb4 17. axb4 e5 18. dxe5 Nxe5 19. Ndf3 Ng4 20. Nd4 Nf6 21. O-O
O-O 22. Nhf3 Ne4 23. Nd2 Ba4 24. Qb2 Nc5 25. Rb1 Bxd4 26. exd4 Nd3 27. Bxd3
cxd3 28. Nb3 Bxb3 29. Qxb3 Qb5 30. Rbd1 Rfc8 31. Rfe1 Qc4 32. Qb1 Qxc3 33. Rxd3
Qc4 34. Re7 Ra1 35. Qxa1 Qxd3 36. Qe1 Qxd4 37. Rxb7 Ra8 38. Qe7 Qd1+ 39. Kh2
Qh5+ 40. Qh4 Qf5 41. Qf4 Qxf4 42. gxf4 Rd8 43. Kg1 d4 44. Kf1 d3 45. Ke1 Re8+
46. Kd2 Re2+ 47. Kxd3 Rxf2 48. b5 Rxg2 49. Rd7 Rb2 50. Kc4 h5 51. Kc5 h4 52.
Rd3 f6 53. b6 Kg7 54. Kc6 g5 55. fxg5 fxg5 56. Rd5 Rxb6+ 57. Kxb6 Kg6 58. Kc5
h3 59. Rd8 Kf5 60. Kd4 Kf4 61. Kd3 h2 62. Rh8 Kg3 63. Ke4 g4 64. Kf5 1/2-1/2

[Event "IX Festival A"]
[Site "Campobasso ITA"]
[Date "2002.07.14"]
[Round "6"]
[White "Di Giulio, Massimo"]
[Black "Stromboli, Carlo"]
[Result "0-1"]
[WhiteElo "1651"]
[BlackElo "1846"]
[PlyCount "90"]
[EventDate "2002.07.12"]

1. b3 e5 2. Bb2 d6 3. e3 g6 4. d4 exd4 5. Nf3 Nf6 6. Nxd4 Bg7 7. Nc3 O-O 8. Be2
a6 9. a4 Re8 10. O-O Ne4 11. Bf3 Ng5 12. Be2 Nd7 13. Rb1 Nf6 14. Nf3 Nxf3+ 15.
Bxf3 h5 16. Nd5 Nxd5 17. Qxd5 Bxb2 18. Rxb2 Qf6 19. Rbb1 Re5 20. Qd4 h4 21. Bg4
Bxg4 22. Qxg4 Rg5 23. Qf4 Kg7 24. Qxf6+ Kxf6 25. Rfd1 Rc5 26. c4 g5 27. Rd4 b5
28. Kf1 Rb8 29. axb5 axb5 30. cxb5 Rcxb5 31. Rc1 R8b7 32. Rc6 Rxb3 33. Rdc4
Rb1+ 34. Ke2 R7b2+ 35. Kf3 Rf1 36. Rc2 Rxc2 37. Rxc2 c5 38. g3 hxg3 39. hxg3
Ke5 40. Kg2 Ra1 41. f3 Ra4 42. Kf2 c4 43. Ke2 d5 44. Kd2 d4 45. exd4+ Kxd4 0-1

[Event "IX Festival A"]
[Site "Campobasso ITA"]
[Date "2002.07.14"]
[Round "6"]
[White "Failli, Riccardo"]
[Black "Parrotta, Daniele"]
[Result "0-1"]
[WhiteElo "1780"]
[BlackElo "1768"]
[PlyCount "80"]
[EventDate "2002.07.12"]

1. e4 c5 2. Nf3 Nc6 3. d4 cxd4 4. Nxd4 Nf6 5. Nc3 e5 6. Ndb5 d6 7. Bg5 a6 8.
Na3 b5 9. Bxf6 gxf6 10. Nd5 f5 11. Bd3 Be6 12. O-O f4 13. Qh5 Rb8 14. c3 Rg8
15. Nc2 Rg6 16. a4 Bg4 17. Qxh7 Rh6 18. Qg8 Qh4 19. Nc7+ Kd7 20. Qxf7+ Be7 21.
h3 Bxh3 22. Nxa6 Be6 23. Nxb8+ Nxb8 24. Bxb5+ Kc7 25. Qxe7+ Qxe7 26. f3 Kb7 27.
a5 Qc7 28. Rf2 Qc5 29. Na3 Bd7 30. c4 Nc6 31. Nc2 Rh7 32. Rb1 Nb4 33. Nxb4 Qxb4
34. Rd1 Bxb5 35. cxb5 Rd7 36. a6+ Ka7 37. Rd5 Qe1+ 38. Rf1 Qe3+ 39. Rf2 Rc7 40.
Rdd2 Qe1+ 0-1

[Event "IX Festival A"]
[Site "Campobasso ITA"]
[Date "2002.07.14"]
[Round "6"]
[White "Ficco, Corrado"]
[Black "Sacchini, Marco"]
[Result "1-0"]
[WhiteElo "2124"]
[BlackElo "2047"]
[PlyCount "145"]
[EventDate "2002.07.12"]

1. e4 g6 2. d4 Bg7 3. Nc3 c6 4. Nf3 d6 5. Be3 Bg4 6. Qd2 Bxf3 7. gxf3 Nd7 8. f4
b5 9. Bd3 Nb6 10. e5 Nc4 11. Bxc4 bxc4 12. Ne4 d5 13. Nc5 Rb8 14. b3 e6 15. Qc3
Ne7 16. bxc4 O-O 17. Nb3 Nf5 18. O-O-O Qb6 19. c5 Qa6 20. Kd2 Rfd8 21. Qa5 Qb7
22. Qc3 Qa6 23. Qd3 Qa4 24. Ke2 h5 25. Kf3 Rb4 26. Kg2 Bh6 27. c3 Rb7 28. Rd2
Kh7 29. Rb1 Rdb8 30. Rdb2 Qc4 31. Qd2 Qa6 32. Qe2 Qxe2 33. Rxe2 a5 34. Rbe1 Rb5
35. Nc1 Bf8 36. Nd3 Be7 37. Bc1 Bd8 38. Ba3 Kg7 39. Rd1 Kf8 40. Rdd2 Ke7 41.
Rb2 Kd7 42. Re1 Kc7 43. Reb1 Rxb2 44. Rxb2 Rxb2 45. Bxb2 Kb7 46. a4 Be7 47. Bc1
Bf8 48. Be3 Bh6 49. Kf3 Nh4+ 50. Ke2 Bf8 51. Bd2 Nf5 52. Nb2 Be7 53. Kd3 Bd8
54. c4 Nh4 55. Ke2 Nf5 56. Bc3 Be7 57. Kd3 Nh4 58. Ke2 Ka6 59. Nd3 Nf5 60. Ne1
Kb7 61. Nf3 Bd8 62. Kd3 Ka6 63. Be1 Kb7 64. Nd2 Ka6 65. f3 Kb7 66. Nf1 Ka7 67.
Ng3 Ng7 68. Ke3 Kb7 69. Kd3 Kc8 70. Bd2 Kd7 71. Ne2 Kc8 72. Be1 Nf5 73. Nc1 1-0

[Event "IX Festival A"]
[Site "Campobasso ITA"]
[Date "2002.07.14"]
[Round "6"]
[White "Gagliardi, Pietro"]
[Black "Stromboli, Ettore"]
[Result "0-1"]
[WhiteElo "2205"]
[BlackElo "1771"]
[PlyCount "84"]
[EventDate "2002.07.12"]

1. e4 e6 2. d4 d5 3. Nd2 dxe4 4. Nxe4 Nd7 5. Nf3 Ngf6 6. Nxf6+ Nxf6 7. Bd3 Bd6
8. c3 O-O 9. Bg5 Be7 10. Qe2 Nh5 11. Bd2 c5 12. dxc5 Bxc5 13. O-O-O Qb6 14. Ne5
Nf6 15. f4 Nd5 16. Rhf1 Be3 17. Rf3 Bxd2+ 18. Qxd2 h6 19. g4 Qc7 20. h4 Bd7 21.
Bc2 Bc6 22. g5 h5 23. Nxc6 Qxc6 24. Be4 Rad8 25. Rd3 Qc4 26. Bxd5 Rxd5 27. Rxd5
exd5 28. b3 Qe4 29. Re1 Qf3 30. Kb2 Qg3 31. Re5 Qxh4 32. Rxd5 Qg4 33. a4 Re8
34. Rd8 Rxd8 35. Qxd8+ Kh7 36. Qd3+ g6 37. Qd4 a6 38. Qe4 h4 39. Qxb7 Qxf4 40.
a5 h3 41. Qxa6 h2 42. Qc6 Qf1 0-1

[Event "IX Festival A"]
[Site "Campobasso ITA"]
[Date "2002.07.14"]
[Round "6"]
[White "Gaoni, Vincenzo"]
[Black "Rossetti, Giovanni"]
[Result "0-1"]
[WhiteElo "1755"]
[BlackElo "1827"]
[PlyCount "62"]
[EventDate "2002.07.12"]

1. e4 c5 2. Nf3 Nc6 3. Bb5 Nd4 4. Ba4 b5 5. Nxd4 bxa4 6. Nf3 g6 7. O-O Bg7 8.
c3 Ba6 9. d3 Bb5 10. Re1 e5 11. Be3 d6 12. Na3 a6 13. Nc2 Ne7 14. d4 cxd4 15.
cxd4 O-O 16. d5 Rc8 17. Rc1 h6 18. Qd2 Kh7 19. g3 f5 20. exf5 Nxf5 21. Na3 Rxc1
22. Rxc1 Nxg3 23. hxg3 Rxf3 24. Kg2 e4 25. Nxb5 axb5 26. Rh1 h5 27. g4 Qd7 28.
gxh5 Qg4+ 29. Kf1 gxh5 30. Bg5 Rd3 31. Rh4 Qf3 0-1

[Event "IX Festival A"]
[Site "Campobasso ITA"]
[Date "2002.07.14"]
[Round "6"]
[White "Genocchio, Daniele"]
[Black "Lorusso, Giuseppe"]
[Result "1-0"]
[WhiteElo "2372"]
[BlackElo "1708"]
[PlyCount "60"]
[EventDate "2002.07.12"]

1. d4 Nf6 2. c4 c5 3. d5 b5 4. cxb5 a6 5. b6 Qxb6 6. Nc3 g6 7. e4 d6 8. Bd3 Bg7
9. h3 O-O 10. Nf3 Nbd7 11. O-O Ne8 12. Rb1 Nc7 13. Bg5 Re8 14. Nd2 Nb5 15. Nc4
Qc7 16. Na4 Ne5 17. Nab6 Rb8 18. a4 Nxc4 19. Nxc4 Nd4 20. Bd2 Nb3 21. Bc3 Bd7
22. f4 Bxc3 23. bxc3 Na5 24. Rxb8 Rxb8 25. f5 Nxc4 26. Bxc4 f6 27. Qf3 Kg7 28.
h4 Bxa4 29. Bxa6 Qa5 30. Bc4 Bc2 1-0

[Event "IX Festival A"]
[Site "Campobasso ITA"]
[Date "2002.07.14"]
[Round "6"]
[White "Lettieri, Giuseppe"]
[Black "Decataldo, Alba"]
[Result "1-0"]
[WhiteElo "1711"]
[BlackElo "1899"]
[PlyCount "95"]
[EventDate "2002.07.12"]

1. e4 e5 2. Nf3 Nc6 3. d4 exd4 4. Nxd4 Nxd4 5. Qxd4 d6 6. Bc4 Nf6 7. Bg5 Be7 8.
Nc3 O-O 9. O-O-O Be6 10. Bxe6 fxe6 11. e5 c5 12. Qh4 Nd5 13. Bxe7 Qxe7 14. Qxe7
Nxe7 15. exd6 Nc6 16. f3 Rad8 17. Rhe1 Nd4 18. Ne4 b6 19. c3 Nf5 20. b3 h6 21.
Rd3 Rd7 22. Red1 Rfd8 23. g4 Nh4 24. g5 h5 25. Ng3 Nf5 26. Nxh5 Rxd6 27. Rxd6
Rxd6 28. Rxd6 Nxd6 29. Kd2 Kf7 30. Ng3 Kg6 31. f4 Nf5 32. Nxf5 Kxf5 33. Ke3 e5
34. fxe5 Kxe5 35. h4 Kf5 36. Kf3 b5 37. c4 a6 38. a4 bxc4 39. bxc4 a5 40. Kg3
Kg6 41. Kg4 Kh7 42. h5 Kg8 43. Kf5 Kf7 44. Ke5 Ke7 45. Kd5 Kf7 46. h6 gxh6 47.
gxh6 Kf6 48. Kd6 1-0

[Event "IX Festival A"]
[Site "Campobasso ITA"]
[Date "2002.07.14"]
[Round "6"]
[White "Ljubisavljevic, Zivojin Z."]
[Black "Kasparov, Sergey"]
[Result "1-0"]
[WhiteElo "2275"]
[BlackElo "2462"]
[PlyCount "113"]
[EventDate "2002.07.12"]

1. e4 c5 2. Nf3 Nc6 3. Nc3 e5 4. Bb5 d6 5. d3 Nf6 6. Bg5 Be7 7. Bxf6 Bxf6 8.
Nd5 O-O 9. Bxc6 bxc6 10. Nxf6+ Qxf6 11. b3 d5 12. Qe2 d4 13. Nd2 Be6 14. Qf3
Qe7 15. Qg3 f6 16. f4 exf4 17. Qxf4 g5 18. Qg3 Kh8 19. O-O h6 20. Nc4 Kg7 21.
Qd6 Qxd6 22. Nxd6 Rab8 23. Nf5+ Kh7 24. Rf3 Rbd8 25. Raf1 h5 26. Ne7 Kg7 27.
Nxc6 Rd7 28. a4 Rc7 29. Na5 Rff7 30. R3f2 Kg6 31. h3 Rcd7 32. Nc4 Kg7 33. e5
fxe5 34. Nxe5 Rxf2 35. Rxf2 Rd5 36. Nf3 Kg6 37. Re2 Kf6 38. Nd2 Ke7 39. Ne4 h4
40. Kf2 Rf5+ 41. Ke1 Kd7 42. Rf2 Re5 43. Kd2 Ke7 44. Re2 Kd7 45. c3 dxc3+ 46.
Kxc3 a6 47. d4 cxd4+ 48. Kxd4 Rd5+ 49. Kc3 Kc7 50. b4 Bc8 51. a5 Rf5 52. Nc5
Rd5 53. Kc4 Rf5 54. b5 axb5+ 55. Kxb5 Rf1 56. Ne6+ Bxe6 57. Rxe6 1-0

[Event "IX Festival A"]
[Site "Campobasso ITA"]
[Date "2002.07.14"]
[Round "6"]
[White "Lorusso, Lucio"]
[Black "Grimaldi, Pasquale"]
[Result "1-0"]
[WhiteElo "1902"]
[BlackElo "1702"]
[PlyCount "69"]
[EventDate "2002.07.12"]

1. e4 e6 2. d4 d5 3. Nc3 dxe4 4. Nxe4 Nd7 5. Nf3 Ngf6 6. Bg5 Be7 7. Nxf6+ Nxf6
8. Bd3 O-O 9. h4 c5 10. c3 cxd4 11. Nxd4 h6 12. Qc2 Nd7 13. Bxe7 Qxe7 14. O-O-O
Nc5 15. Bc4 a6 16. Rde1 b5 17. Bd5 Bb7 18. Bxb7 Nxb7 19. g4 Nd6 20. f4 Rfe8 21.
g5 h5 22. g6 Qf6 23. gxf7+ Kxf7 24. Qe2 g6 25. Nc6 Qxf4+ 26. Kb1 Qf5+ 27. Ka1
Kg7 28. Rhg1 Nf7 29. Ref1 Qc5 30. Qe4 Nh8 31. Ne5 Qd5 32. Rxg6+ Kh7 33. Rg7+
Kxg7 34. Rf7+ Nxf7 35. Qg6+ 1-0

[Event "IX Festival A"]
[Site "Campobasso ITA"]
[Date "2002.07.14"]
[Round "6"]
[White "Mrdja, Milan"]
[Black "Shytaj, Carlo"]
[Result "1-0"]
[WhiteElo "2370"]
[BlackElo "2112"]
[PlyCount "122"]
[EventDate "2002.07.12"]

1. e4 d6 2. d4 Nf6 3. Nc3 g6 4. Bc4 c6 5. Bb3 Bg7 6. f4 O-O 7. Nf3 b5 8. a3 a6
9. e5 Ne8 10. O-O Nc7 11. Be3 d5 12. Ne2 Nd7 13. c3 Nb6 14. Bc2 f5 15. exf6
exf6 16. f5 g5 17. g4 Ne8 18. Ng3 Rf7 19. Re1 Bf8 20. h4 h6 21. hxg5 hxg5 22.
Kg2 Raa7 23. Nh5 Ng7 24. Nxf6+ Qxf6 25. Bxg5 Qd6 26. Ne5 Rxf5 27. gxf5 Nxf5 28.
Bxf5 Bxf5 29. Rg1 Rg7 30. Kf2 Nc4 31. Qh5 Nxe5 32. dxe5 Qxe5 33. Be3 Qe4 34.
Rxg7+ Bxg7 35. Rg1 Qc2+ 36. Kg3 Qe4 37. Qg5 Kf7 38. Kf2 Qc2+ 39. Bd2 Bf6 40.
Qg8+ Ke7 41. Re1+ Be4 42. Qh7+ Ke6 43. Qh3+ Kf7 44. Re2 Bf5 45. Qh5+ Bg6 46.
Qf3 Qf5 47. Qxf5 Bxf5 48. Be3 Bd3 49. Rd2 Be4 50. Rd1 Ke6 51. Rg1 Kd6 52. Rg8
a5 53. Bd4 Bh4+ 54. Ke2 c5 55. Bf2 Bf6 56. Ra8 b4 57. Kd2 d4 58. Ra6+ Bc6 59.
cxb4 cxb4 60. Rxa5 d3 61. Kxd3 Bxb2 1-0

[Event "IX Festival A"]
[Site "Campobasso ITA"]
[Date "2002.07.14"]
[Round "6"]
[White "Orfali, Marcelo Rafael"]
[Black "Gerardi, Saverio"]
[Result "0-1"]
[WhiteElo "1800"]
[BlackElo "2146"]
[PlyCount "142"]
[EventDate "2002.07.12"]

1. e4 c5 2. Nf3 e6 3. d4 cxd4 4. Nxd4 Nc6 5. Nc3 Qc7 6. g3 a6 7. Bg2 Nf6 8. O-O
Be7 9. Re1 O-O 10. Nb3 Rb8 11. e5 Ne8 12. Bf4 d6 13. exd6 Bxd6 14. Be3 Nf6 15.
Bg5 Be7 16. Qe2 h6 17. Bf4 Bd6 18. Be3 b5 19. Rad1 Bb7 20. Rxd6 Qxd6 21. Bc5
Qc7 22. Bxf8 Rxf8 23. a3 Rc8 24. h3 Ne7 25. Bxb7 Qxb7 26. Rd1 Ned5 27. Nxd5
Nxd5 28. c3 Qb6 29. Nd4 Rc5 30. Nf3 a5 31. Ne5 Rc7 32. Qe4 f5 33. Qe2 Nf6 34.
Rd8+ Kh7 35. Rf8 Ne4 36. Nf7 g6 37. Nd8 Kg7 38. Re8 Rd7 39. Qe3 Rd1+ 40. Kg2
Qxe3 41. fxe3 Rd2+ 42. Kg1 Nxg3 43. Nxe6+ Kf7 44. Rd8 Rxb2 45. Nd4 Ne2+ 46. Kf1
Nxc3 47. Rd7+ Kf6 48. h4 b4 49. axb4 a4 50. Rd6+ Kf7 51. Rd7+ Ke8 52. Ra7 Rxb4
53. Ra8+ Kd7 54. Kg2 Kc7 55. Kf3 Kb7 56. Rb8+ Kxb8 57. Nc6+ Kb7 58. Nxb4 a3 59.
Nc2 a2 60. Kf4 Nd5+ 61. Kf3 Kc7 62. e4 Nb4 63. Na1 Kd6 64. Kf4 Ke6 65. exf5+
gxf5 66. Kg3 Ke5 67. Kf3 h5 68. Ke3 f4+ 69. Kf3 Kf5 70. Nb3 Nc2 71. Nd4+ Nxd4+
0-1

[Event "IX Festival A"]
[Site "Campobasso ITA"]
[Date "2002.07.14"]
[Round "6"]
[White "Petruccioli, Antonio"]
[Black "Cappai, Davide"]
[Result "1-0"]
[WhiteElo "2078"]
[BlackElo "1774"]
[PlyCount "91"]
[EventDate "2002.07.12"]

1. e4 c5 2. Nf3 Nc6 3. Bb5 g6 4. c3 Bg7 5. O-O a6 6. Bc4 d6 7. Re1 e5 8. d3 Bg4
9. h3 Bxf3 10. Qxf3 Nf6 11. Bg5 h6 12. Be3 O-O 13. a4 Nh7 14. Nd2 Rb8 15. Bd5
Ne7 16. Bb3 Kh8 17. g4 g5 18. Nf1 Ng6 19. Ng3 Nf4 20. Nf5 Qb6 21. Bxf4 Qxb3 22.
Bc1 Qe6 23. b4 Rfd8 24. bxc5 dxc5 25. c4 Rd7 26. Ba3 Rbd8 27. Red1 Qc6 28. Bb2
Qe6 29. Ra3 Qb6 30. Bc3 Qc7 31. Qg3 f6 32. Qf3 Nf8 33. Bd2 Ne6 34. Be3 b6 35.
Ng3 Nf4 36. Bxf4 exf4 37. Nf5 Bf8 38. Kg2 Rh7 39. Rb3 Rb8 40. Rdb1 Rd7 41. Qe2
Qc6 42. Qb2 Rdb7 43. f3 Qe8 44. Qxf6+ Bg7 45. Nxg7 Rxg7 46. Qxh6+ 1-0

[Event "IX Festival A"]
[Site "Campobasso ITA"]
[Date "2002.07.14"]
[Round "6"]
[White "Piro, Valerio"]
[Black "Passerotti, Pierluigi"]
[Result "0-1"]
[WhiteElo "1705"]
[BlackElo "2284"]
[PlyCount "76"]
[EventDate "2002.07.12"]

1. c4 Nf6 2. Nc3 g6 3. e4 d6 4. d4 Bg7 5. f3 O-O 6. Bg5 c5 7. d5 h6 8. Be3 a6
9. Qd2 Kh7 10. h4 e6 11. dxe6 Bxe6 12. Rd1 Nc6 13. Qxd6 Nd7 14. Qd2 Qa5 15. a3
Rfd8 16. Nd5 Bxb2 17. Qxa5 Nxa5 18. a4 Ne5 19. Bxc5 Nexc4 20. Bxc4 Nxc4 21. Bd4
Bxd5 22. Bxb2 Nxb2 23. Rd2 Nxa4 24. exd5 Nc3 25. d6 Rd7 26. Ne2 Nb5 27. Kf2
Rad8 28. Rc1 Rxd6 29. Rdc2 Kg7 30. Nc3 Rd2+ 31. Rxd2 Rxd2+ 32. Ke3 Rb2 33. Na4
Rxg2 34. Nc5 Nd6 35. Rb1 Rh2 36. Nxb7 Nxb7 37. Rxb7 Rxh4 38. Ra7 Ra4 0-1

[Event "IX Festival A"]
[Site "Campobasso ITA"]
[Date "2002.07.14"]
[Round "6"]
[White "Ragnoni, Alessandro"]
[Black "Gardon, Ermanno"]
[Result "0-1"]
[WhiteElo "1756"]
[BlackElo "2108"]
[PlyCount "63"]
[EventDate "2002.07.12"]

1. e4 c5 2. Nf3 e6 3. d4 cxd4 4. Nxd4 Nf6 5. Nc3 Nc6 6. Ndb5 Bc5 7. Nd6+ Ke7 8.
Bf4 e5 9. Nf5+ Kf8 10. Be3 Bb4 11. Bg5 d5 12. Bxf6 Qxf6 13. Qxd5 Bxf5 14. exf5
Rd8 15. Qf3 e4 16. Qe3 Qxf5 17. Be2 Bc5 18. g4 Bxe3 19. gxf5 Bd2+ 20. Kf1 Bxc3
21. bxc3 Rd2 22. Bd1 Ke7 23. Rb1 b6 24. c4 Rhd8 25. Kg2 Kf6 26. Kg3 Nd4 27. c3
Nxf5+ 28. Kf4 Rxf2+ 29. Kxe4 Re8+ 30. Kd5 Rd2+ 31. Kc6 Re5 32. Kb7 0-1

[Event "IX Festival A"]
[Site "Campobasso ITA"]
[Date "2002.07.14"]
[Round "6"]
[White "Rossi, Aldo A."]
[Black "Shytaj, Luca"]
[Result "0-1"]
[WhiteElo "1713"]
[BlackElo "2216"]
[PlyCount "68"]
[EventDate "2002.07.12"]

1. d4 Nf6 2. Nf3 e6 3. e3 b6 4. Nbd2 Bb7 5. Bd3 c5 6. b3 Nc6 7. a3 cxd4 8. exd4
Nd5 9. Nc4 Be7 10. O-O O-O 11. Nce5 Nxe5 12. dxe5 Nc3 13. Qe1 Rc8 14. Bb2 Qc7
15. Bxc3 Qxc3 16. Qxc3 Rxc3 17. Nd2 Rc5 18. f4 f6 19. Ne4 fxe5 20. Nxc5 Bxc5+
21. Kh1 exf4 22. h3 g6 23. b4 Be3 24. Rad1 Rf7 25. c4 Rg7 26. Be2 e5 27. Bg4
Ba6 28. b5 Bc8 29. Rfe1 Re7 30. Rd5 Kf7 31. Red1 Ke8 32. Bf3 Bc5 33. Re1 d6 34.
a4 Be6 0-1

[Event "IX Festival A"]
[Site "Campobasso ITA"]
[Date "2002.07.14"]
[Round "6"]
[White "Scalcione, Michelangelo"]
[Black "Piscopo, Pierluigi"]
[Result "1-0"]
[WhiteElo "2368"]
[BlackElo "2289"]
[PlyCount "73"]
[EventDate "2002.07.12"]

1. Nf3 Nf6 2. c4 g6 3. Nc3 Bg7 4. e4 d6 5. d4 O-O 6. Be2 e5 7. Be3 Nc6 8. d5
Ne7 9. Nd2 Nd7 10. b4 f5 11. f3 a5 12. a3 fxe4 13. fxe4 c6 14. Nb3 axb4 15.
axb4 Rxa1 16. Qxa1 Kh8 17. Qa5 b6 18. Qa8 cxd5 19. cxd5 Qc7 20. Kd2 Bb7 21. Qa2
Ra8 22. Qb2 Nf6 23. Rc1 Neg8 24. g4 Qd8 25. g5 Nh5 26. Bxh5 gxh5 27. Nb5 Qd7
28. Nc7 Ra4 29. Ne6 Ba6 30. Nbd4 exd4 31. Bxd4 Nf6 32. Bxf6 Qb5 33. Ke3 Rxb4
34. Qc2 Kg8 35. Qc8+ Bxc8 36. Rxc8+ Kf7 37. Rc7+ 1-0

[Event "IX Festival A"]
[Site "Campobasso ITA"]
[Date "2002.07.14"]
[Round "6"]
[White "Voiska, Margarita"]
[Black "Collutiis, Duilio"]
[Result "0-1"]
[WhiteElo "2356"]
[BlackElo "2308"]
[PlyCount "58"]
[EventDate "2002.07.12"]

1. c4 g6 2. Nc3 Bg7 3. g3 Nf6 4. Bg2 O-O 5. e4 d6 6. Nge2 Nbd7 7. O-O e5 8. h3
a6 9. a4 a5 10. d3 Ne8 11. f4 exf4 12. Bxf4 Ne5 13. Qd2 c6 14. Kh2 f5 15. b3
Nf7 16. d4 Nf6 17. exf5 Bxf5 18. g4 Bd7 19. Bg3 Re8 20. Rf3 h5 21. gxh5 Nxh5
22. Raf1 Ng5 23. R3f2 Nxg3 24. Nxg3 Nxh3 25. Rf7 Qh4 26. Rxd7 Ng5+ 27. Kg1
Bxd4+ 28. Rf2 Qxg3 29. Qxd4 Re1+ 0-1

[Event "II Trofeo Pentium4"]
[Site "Milano ITA"]
[Date "2002.07.09"]
[Round "1"]
[White "Bellia, Fabrizio"]
[Black "Drazic, Sinisa"]
[Result "1-0"]
[WhiteElo "2412"]
[BlackElo "2486"]
[PlyCount "119"]
[EventDate "2002.07.09"]

1. e4 e5 2. Nf3 Nc6 3. Bc4 Nf6 4. d3 h6 5. c3 a6 6. Bb3 d6 7. Nbd2 g6 8. O-O
Bg7 9. Re1 O-O 10. Nf1 Nh5 11. Ne3 Kh7 12. d4 Bd7 13. dxe5 dxe5 14. h3 Nf4 15.
Nd5 Ne6 16. Nh2 Na5 17. Bc2 c6 18. Ne3 b5 19. b3 Nf4 20. Ba3 Re8 21. Nf3 Nb7
22. c4 Qc7 23. Bb2 f6 24. b4 Red8 25. Qb1 Be6 26. c5 a5 27. a3 h5 28. Bc3 Rd7
29. Qb2 axb4 30. axb4 Rxa1 31. Qxa1 Nd8 32. Rd1 Nf7 33. Rxd7 Qxd7 34. Qd1 Qc8
35. Nd2 Bh6 36. Bb3 Kg7 37. Bxe6 Qxe6 38. Kf1 Qa2 39. Qb3 Qa7 40. Bb2 Qd7 41.
Nf3 Nd3 42. Bc3 Nxc5 43. bxc5 Qd3+ 44. Kg1 Bxe3 45. fxe3 Qxe3+ 46. Kh1 Qxe4 47.
Bd2 Qe2 48. Qc2 g5 49. Kg1 b4 50. Nh4 Kf8 51. Ng6+ Kg7 52. Ne7 b3 53. Qg6+ Kf8
54. Nf5 Qc4 55. Qg7+ Ke8 56. Qxf6 Qxc5+ 57. Be3 b2 58. Bxc5 b1=Q+ 59. Kh2 Qb7
60. Ng7+ 1-0

[Event "II Trofeo Pentium4"]
[Site "Milano ITA"]
[Date "2002.07.09"]
[Round "1"]
[White "Belotti, Bruno"]
[Black "Cebalo, Miso"]
[Result "1/2-1/2"]
[WhiteElo "2430"]
[BlackElo "2548"]
[PlyCount "100"]
[EventDate "2002.07.09"]

1. Nf3 c5 2. b3 b6 3. g3 Bb7 4. Bg2 e6 5. c4 Be7 6. Bb2 Bf6 7. Bxf6 Nxf6 8. O-O
O-O 9. Nc3 d6 10. d4 Qe7 11. Qd2 Nbd7 12. Rad1 Rfd8 13. d5 exd5 14. Nh4 Qf8 15.
Nxd5 Bxd5 16. Bxd5 Nxd5 17. Qxd5 Nf6 18. Qf3 Re8 19. Nf5 Rad8 20. Rd3 g6 21.
Nh6+ Qxh6 22. Qxf6 Qg7 23. Qxg7+ Kxg7 24. e3 Re6 25. Rfd1 Kf8 26. g4 Ke7 27.
Kg2 Rb8 28. a4 a6 29. Ra1 Kd7 30. Kg3 Kc6 31. f3 h5 32. h3 hxg4 33. hxg4 Rh8
34. e4 g5 35. Rd5 Re5 36. Rdd1 Re6 37. Rh1 Reh6 38. Rxh6 Rxh6 39. Kg2 Kd7 40.
Rd1 f6 41. Rd3 Rh8 42. Rd1 b5 43. axb5 axb5 44. cxb5 Rb8 45. Rd3 Rxb5 46. Kf2
Ra5 47. Ke3 Ra2 48. Rd2 Ra1 49. Rd3 Kc6 50. Kd2 Kd7 1/2-1/2